Normal view
MARC view
Entry Personal Name
001 - CONTROL NUMBER
- control field: 89381
003 - CONTROL NUMBER IDENTIFIER
- control field: dpl
005 - DATE AND TIME OF LATEST TRANSACTION
- control field: 20260615115455.0
008 - FIXED-LENGTH DATA ELEMENTS
- fixed length control field: 260615|| aca||aabn | a|a d
040 ## - CATALOGING SOURCE
- Original cataloging agency: dpl
- Transcribing agency: dpl
100 ## - HEADING--PERSONAL NAME
- Personal name: B. Ramesh Babu
670 ## - SOURCE DATA FOUND
- Source citation: Work cat.: (dpl)216647: Visualizing Library Services in 2030 (NWVLS 2030)/, 2019
